[Event "Niederbayernliga 1516"]
[Site "Bayern"]
[Date "2016.01.31"]
[Round "6.7"]
[White "Kurz, Helmut"]
[Black "Stark, Bernhard"]
[Result "0-1"]
[WhiteElo "1718"]
[BlackElo "1792"]
[PlyCount "88"]
[EventDate "2015.10.11"]
[EventType "team-tourn"]
[EventRounds "9"]
[EventCountry "GER"]
[SourceTitle "EXT 2023"]
[Source "ChessBase"]
[SourceDate "2022.10.05"]
[SourceVersion "1"]
[SourceVersionDate "2022.10.05"]
[SourceQuality "1"]
[WhiteTeam "Landau Dingolfing"]
[BlackTeam "Passau II"]
[WhiteTeamCountry "GER"]
[BlackTeamCountry "GER"]

1. d4 Nf6 2. Bf4 g6 3. Nf3 Bg7 4. e3 d6 5. Bd3 b6 6. h3 Bb7 7. 0-0 0-0 8. Nbd2 Nbd7 9. Bh2 c5 10. c3 Re8 11. Bb5 a6 12. Be2 b5 13. Qb3 Bd5 14. Qc2 cxd4 15. exd4 Rc8 16. a3 e5 17. dxe5 dxe5 18. Rad1 Qb6 19. Rfe1 e4 20. Nd4 Qxd4 21. Nc4 Qc5 22. Nd6 Re6 23. Nxc8 Qxc8 24. Bg4 Nxg4 25. Rxd5 Nxh2 26. Kxh2 Nc5 27. Kg1 f5 28. Red1 Re8 29. Kf1 Nd3 30. R1xd3 exd3 31. Rxd3 Qe6 32. Qd1 Qe4 33. Re3 Qc4+ 34. Qe2 Qxe2+ 35. Kxe2 Rxe3+ 36. Kxe3 Kf7 37. Kd3 Ke6 38. b3 Kd5 39. c4+ bxc4+ 40. bxc4+ Kc5 41. f4 Bf6 42. a4 a5 43. g4 Ba1 44. g5 Bh8 0-1

[Event "Niederbayernliga 1516"]
[Site "Bayern"]
[Date "2015.10.11"]
[Round "1.7"]
[White "Rader, Lothar"]
[Black "Stark, Bernhard"]
[Result "1/2-1/2"]
[WhiteElo "1633"]
[BlackElo "1792"]
[PlyCount "43"]
[EventDate "2015.10.11"]
[EventType "team-tourn"]
[EventRounds "9"]
[EventCountry "GER"]
[SourceTitle "EXT 2023"]
[Source "ChessBase"]
[SourceDate "2022.10.05"]
[SourceVersion "1"]
[SourceVersionDate "2022.10.05"]
[SourceQuality "1"]
[WhiteTeam "Deggendorf II"]
[BlackTeam "Passau II"]
[WhiteTeamCountry "GER"]
[BlackTeamCountry "GER"]

1. d4 Nf6 2. c4 g6 3. Nc3 Bg7 4. e4 d6 5. f3 0-0 6. Bg5 c5 7. d5 e6 8. Nge2 exd5 9. Nxd5 Be6 10. Nec3 Nc6 11. Qd2 h6 12. Be3 Bxd5 13. Nxd5 Nxd5 14. cxd5 Nd4 15. Bd3 Kh7 16. 0-0 Qd7 17. Rad1 Rae8 18. Kh1 Qc7 19. b4 b6 20. bxc5 bxc5 21. Rb1 Rb8 22. Bxd4 1/2-1/2

[Event "Niederbayernliga 1415"]
[Site "Bayern"]
[Date "2015.02.22"]
[Round "7.6"]
[White "Swierzy, David"]
[Black "Stark, Bernhard"]
[Result "0-1"]
[WhiteElo "1642"]
[BlackElo "1873"]
[PlyCount "96"]
[EventDate "2014.10.19"]
[EventType "team-tourn"]
[EventRounds "9"]
[EventCountry "GER"]
[SourceTitle "EXT 2023"]
[Source "ChessBase"]
[SourceDate "2022.10.05"]
[SourceVersion "1"]
[SourceVersionDate "2022.10.05"]
[SourceQuality "1"]
[WhiteTeam "Straubing SC"]
[BlackTeam "Passau II"]
[WhiteTeamCountry "GER"]
[BlackTeamCountry "GER"]

1. f4 d5 2. Nf3 Nf6 3. e3 c5 4. b3 e6 5. Bb2 Be7 6. Be2 Nc6 7. Bb5 Bd7 8. 0-0 0-0 9. d3 Rc8 10. Bxc6 Bxc6 11. Nbd2 Nd7 12. e4 f6 13. Qe1 Rf7 14. Qg3 b5 15. Qh3 Nf8 16. Rad1 Qa5 17. exd5 Bxd5 18. a3 c4 19. dxc4 bxc4 20. bxc4 Bxc4 21. Rfe1 Bd5 22. c4 Bxc4 23. Nxc4 Rxc4 24. Nd4 Qb6 25. Qb3 Qxb3 26. Nxb3 Rxf4 27. Nd4 e5 28. g3 Rg4 29. Nc6 Bc5+ 30. Kg2 Rc4 31. Re2 Bb6 32. Nb4 Ne6 33. Rd6 Nd4 34. Bxd4 Rxd4 35. Rxd4 Bxd4 36. Rc2 Rd7 37. Nc6 Bb6 38. a4 Rc7 39. Nb4 Rxc2+ 40. Nxc2 Kf7 41. Kf3 Ke6 42. g4 Kd5 43. Ke2 Bc5 44. Kd3 g6 45. Ne1 f5 46. gxf5 gxf5 47. Ng2 e4+ 48. Ke2 Ke5 0-1

[Event "Niederbayern-ch"]
[Site "Roehrnbach"]
[Date "2014.04.25"]
[Round "4"]
[White "Stark, Bernhard"]
[Black "Wilhelm, Walter"]
[Result "1-0"]
[WhiteElo "1893"]
[BlackElo "1597"]
[PlyCount "51"]
[EventDate "2014.04.24"]
[EventType "swiss"]
[EventRounds "7"]
[EventCountry "GER"]
[SourceTitle "EXT 2023"]
[Source "ChessBase"]
[SourceDate "2022.10.05"]
[SourceVersion "1"]
[SourceVersionDate "2022.10.05"]
[SourceQuality "1"]

1. d4 d5 2. c4 dxc4 3. Nf3 Nf6 4. e3 c6 5. Bxc4 Nbd7 6. Nc3 Nb6 7. Bb3 Bf5 8. Ne5 e6 9. Qf3 h6 10. Nxf7 Bg4 11. Qxg4 Nxg4 12. Nxd8 Rxd8 13. Bxe6 Nf6 14. 0-0 Bd6 15. f3 Ke7 16. Bb3 h5 17. e4 Bc7 18. Be3 h4 19. e5 Nh7 20. f4 Rdf8 21. f5 Nd7 22. Rf4 Kd8 23. Raf1 Kc8 24. Rxh4 Bd8 25. Rg4 Kc7 26. Rxg7 1-0

[Event "Niederbayernliga 1314"]
[Site "Bayern"]
[Date "2013.??.??"]
[Round "1"]
[White "Stark, Bernhard"]
[Black "Ebner, Johannes"]
[Result "1/2-1/2"]
[WhiteElo "1873"]
[BlackElo "1783"]
[PlyCount "49"]
[EventDate "2013.10.13"]
[EventType "team-tourn"]
[EventRounds "9"]
[EventCountry "GER"]
[SourceTitle "EXT 2023"]
[Source "ChessBase"]
[SourceDate "2022.10.05"]
[SourceVersion "1"]
[SourceVersionDate "2022.10.05"]
[SourceQuality "1"]
[WhiteTeam "Passau II"]
[BlackTeam "Grafenau"]
[WhiteTeamCountry "GER"]
[BlackTeamCountry "GER"]

1. d4 Nf6 2. c4 d5 3. Nc3 e6 4. Bg5 Be7 5. Nf3 Nbd7 6. e3 0-0 7. Rc1 c6 8. Bd3 dxc4 9. Bxc4 Nd5 10. Bxe7 Qxe7 11. Ne4 N7f6 12. Ng3 Qb4+ 13. Qd2 Qxd2+ 14. Kxd2 Re8 15. Ng5 Nb6 16. Bb3 Nbd5 17. h3 h6 18. Nf3 Bd7 19. Ne5 Rad8 20. Nd3 Bc8 21. e4 Ne7 22. Ke3 Ng6 23. f4 Nh4 24. Rhg1 Kf8 25. Ne2 1/2-1/2

[Event "Nuremberg-ch op 06th"]
[Site "Nuremberg"]
[Date "2006.06.04"]
[Round "4.48"]
[White "Stark, Bernhard"]
[Black "Deinlein, Albert"]
[Result "1/2-1/2"]
[WhiteElo "1441"]
[BlackElo "1596"]
[PlyCount "92"]
[EventDate "2006.06.02"]
[EventType "swiss"]
[EventRounds "5"]
[EventCountry "GER"]
[SourceTitle "EXT 2007"]
[Source "ChessBase"]
[SourceDate "2006.11.23"]
[SourceVersion "1"]
[SourceVersionDate "2006.11.23"]
[SourceQuality "1"]

1. e4 c5 2. Nf3 Nc6 3. d4 cxd4 4. Nxd4 e5 5. Nf5 d6 6. Ng3 Nf6 7. Bc4 Be7 8. b3 0-0 9. Ba3 a6 10. c3 Qc7 11. 0-0 b5 12. Bd5 a5 13. Qd2 Rb8 14. c4 Nd4 15. Qd3 Ba6 16. Nd2 Rfc8 17. Rfc1 Qb6 18. Rab1 Ng4 19. Rf1 g6 20. Nf3 Nxf3+ 21. Qxf3 Nf6 22. Rfc1 b4 23. Bb2 Nxd5 24. exd5 a4 25. Re1 a3 26. Bc1 Qd8 27. Bh6 Bg5 28. Bxg5 Qxg5 29. Ne4 Qe7 30. Qf6 Qxf6 31. Nxf6+ Kg7 32. Ne4 Rd8 33. Rbc1 Rbc8 34. Red1 h6 35. f3 f5 36. Ng3 Kf6 37. Kf2 Rc7 38. Nf1 g5 39. h3 h5 40. Kg3 h4+ 41. Kf2 Bc8 42. Ne3 Bd7 43. Rh1 f4 44. Ng4+ Bxg4 45. hxg4 Re8 46. Rce1 Rb8 1/2-1/2

[Event "Nuremberg-ch op 06th"]
[Site "Nuremberg"]
[Date "2006.06.03"]
[Round "2.42"]
[White "Stark, Bernhard"]
[Black "Heinz, Manfred"]
[Result "0-1"]
[WhiteElo "1441"]
[BlackElo "1754"]
[PlyCount "64"]
[EventDate "2006.06.02"]
[EventType "swiss"]
[EventRounds "5"]
[EventCountry "GER"]
[SourceTitle "EXT 2007"]
[Source "ChessBase"]
[SourceDate "2006.11.23"]
[SourceVersion "1"]
[SourceVersionDate "2006.11.23"]
[SourceQuality "1"]

1. e4 g6 2. Nf3 Bg7 3. d4 d6 4. Bf4 Nf6 5. Nbd2 0-0 6. c3 Nbd7 7. Be2 h6 8. h3 c5 9. e5 Nd5 10. Bg3 cxd4 11. c4 Nb4 12. a3 d3 13. axb4 dxe2 14. Qxe2 dxe5 15. Nxe5 Nxe5 16. Bxe5 f6 17. Bc3 e5 18. 0-0 Qc7 19. Rfd1 Be6 20. b3 f5 21. f3 Rfe8 22. Re1 Bf7 23. Ra5 b6 24. Bxe5 Qe7 25. Rb5 a6 26. Rxb6 Bxe5 27. c5 Bd4+ 28. Kf1 Qh4 29. Ne4 fxe4 30. Rxg6+ Bxg6 31. Qc4+ Kh7 32. Qxd4 Rad8 0-1

[Event "Erlangen op 18th"]
[Site "Erlangen"]
[Date "2003.??.??"]
[Round "5"]
[White "Luban, Peter"]
[Black "Stark, Bernhard"]
[Result "1/2-1/2"]
[WhiteElo "1882"]
[BlackElo "1929"]
[PlyCount "129"]
[EventDate "2003.11.??"]
[EventType "swiss"]
[EventRounds "5"]
[EventCountry "GER"]
[SourceTitle "EXT 2005"]
[Source "ChessBase"]
[SourceDate "2004.11.15"]
[SourceVersion "1"]
[SourceVersionDate "2004.11.15"]
[SourceQuality "1"]

1. e4 e6 2. Qe2 c5 3. g3 Nc6 4. c3 d6 5. Bg2 g6 6. f4 Bg7 7. d3 Nge7 8. Nf3 e5 9. 0-0 0-0 10. Na3 b6 11. Be3 Ba6 12. c4 Nd4 13. Nxd4 cxd4 14. Bd2 Rb8 15. Bh3 Bc8 16. Bg2 Be6 17. b3 Qd7 18. Nc2 Rfe8 19. fxe5 dxe5 20. Bg5 b5 21. Rad1 Bg4 22. Bf3 Bh3 23. Bg2 Bxg2 24. Kxg2 Qe6 25. cxb5 Rxb5 26. Na3 Rbb8 27. Qf2 Nc6 28. Nc4 Rbc8 29. h3 Rf8 30. Bc1 f5 31. Qe2 Rf7 32. Rde1 Re8 33. Rf2 fxe4 34. Rxf7 Qxf7 35. dxe4 Rd8 36. Ba3 Bh6 37. Qd3 Qe6 38. Rf1 Bf8 39. Bxf8 Rxf8 40. Rxf8+ Kxf8 41. a3 Ke7 42. b4 Nb8 43. Qc2 Qc6 44. Qd3 Nd7 45. Kf3 Qf6+ 46. Kg2 h5 47. Qf3 Qc6 48. Qd3 g5 49. Kf3 Ke6 50. Qb3 g4+ 51. hxg4 hxg4+ 52. Kf2 Ke7 53. Qd3 Qf6+ 54. Kg2 Qh6 55. Qf1 Qg5 56. Qd3 Nf6 57. a4 Qh5 58. Nd2 Qh3+ 59. Kg1 Nh5 60. Nf1 Nf4 61. Qd2 Ne6 62. Qd3 Ng5 63. Nh2 Nf3+ 64. Nxf3 gxf3 65. Qxf3 1/2-1/2

[Event "Nuremberg-ch op 02nd"]
[Site "Nuremberg"]
[Date "2002.06.23"]
[Round "4"]
[White "Stark, Bernhard"]
[Black "Puehn, Georg"]
[Result "1/2-1/2"]
[WhiteElo "1956"]
[BlackElo "1981"]
[PlyCount "77"]
[EventDate "2002.06.21"]
[EventType "swiss"]
[EventRounds "5"]
[EventCountry "GER"]
[SourceTitle "EXT 2006"]
[Source "ChessBase"]
[SourceDate "2005.11.24"]
[SourceVersion "1"]
[SourceVersionDate "2005.11.24"]
[SourceQuality "1"]

1. d4 d5 2. c4 c6 3. Nc3 Nf6 4. Nf3 dxc4 5. a4 Bf5 6. e3 e6 7. Bxc4 Bb4 8. 0-0 0-0 9. Nh4 Nbd7 10. f3 Nb6 11. Ba2 c5 12. a5 cxd4 13. Nb5 dxe3 14. Qxd8 Rfxd8 15. Bxe3 Nbd5 16. Nxf5 Nxe3 17. Nxe3 Rd3 18. Bxe6 Rxe3 19. Bh3 g6 20. a6 bxa6 21. Rxa6 Kg7 22. Rc1 Re7 23. Nc7 Bd2 24. Rd1 Bb4 25. Kf1 Bc5 26. Rc6 Bb6 27. Nb5 Rae8 28. Nd6 Rd8 29. Rxb6 axb6 30. Nf5+ gxf5 31. Rxd8 Re5 32. Rd2 Rb5 33. g3 Nd5 34. Kf2 f4 35. Bf1 Rc5 36. Bd3 Nb4 37. Be4 f5 38. Bb1 Kf6 39. Rd6+ 1/2-1/2

[Event "Erlangen op 17th"]
[Site "Erlangen"]
[Date "2002.??.??"]
[Round "?"]
[White "Giebner, Thomas"]
[Black "Stark, Bernhard"]
[Result "0-1"]
[WhiteElo "1325"]
[BlackElo "1961"]
[PlyCount "42"]
[EventDate "2002.??.??"]
[EventType "swiss"]
[EventRounds "5"]
[EventCountry "GER"]
[SourceTitle "EXT 2005"]
[Source "ChessBase"]
[SourceDate "2004.11.15"]
[SourceVersion "1"]
[SourceVersionDate "2004.11.15"]
[SourceQuality "1"]

1. e4 d5 2. exd5 Nf6 3. Nf3 Nxd5 4. d4 g6 5. Bg5 c6 6. c3 Nd7 7. Be2 Bg7 8. Qc1 h6 9. Bh4 0-0 10. Nbd2 f5 11. Bg3 f4 12. Bh4 g5 13. Nxg5 hxg5 14. Bxg5 Qe8 15. Nf3 Qf7 16. Qc2 N7b6 17. Ne5 Bxe5 18. dxe5 Qf5 19. Qxf5 Rxf5 20. h4 Rxe5 21. 0-0-0 Rxe2 0-1

[Event "Erlangen op 17th"]
[Site "Erlangen"]
[Date "2002.??.??"]
[Round "?"]
[White "Stark, Bernhard"]
[Black "Bogdanovich, Grigory Grigorievic"]
[Result "0-1"]
[WhiteElo "1961"]
[BlackElo "2365"]
[PlyCount "66"]
[EventDate "2002.??.??"]
[EventType "swiss"]
[EventRounds "5"]
[EventCountry "GER"]
[SourceTitle "EXT 2005"]
[Source "ChessBase"]
[SourceDate "2004.11.15"]
[SourceVersion "1"]
[SourceVersionDate "2004.11.15"]
[SourceQuality "1"]

1. d4 d5 2. c4 Nc6 3. Nc3 dxc4 4. e3 e5 5. d5 Nce7 6. Nf3 Ng6 7. Bxc4 Bd6 8. Bd2 Nf6 9. Qc2 a6 10. a3 0-0 11. h3 Qe7 12. 0-0-0 b5 13. Ba2 Bd7 14. e4 a5 15. a4 bxa4 16. Nxa4 Rfb8 17. Rhe1 Qe8 18. Nc3 Rb4 19. Nb1 Rb7 20. Re3 Nf4 21. Rg1 Ba4 22. b3 Bb5 23. Bc3 Nd7 24. g3 Ng6 25. Bb2 Nc5 26. Na3 Bd7 27. h4 Rab8 28. h5 Nf8 29. Rd1 a4 30. Nxe5 axb3 31. Qxc5 Bxc5 32. Rf3 bxa2 33. Rxf7 Rxb2 0-1

[Event "Pyramiden Franken Cup 4th"]
[Site "Fuerth"]
[Date "2001.08.19"]
[Round "2"]
[White "Niephaus, Friedel"]
[Black "Stark, Bernhard"]
[Result "0-1"]
[WhiteElo "1537"]
[BlackElo "1950"]
[PlyCount "71"]
[EventDate "2001.08.18"]
[EventType "swiss"]
[EventRounds "9"]
[EventCountry "GER"]
[SourceTitle "EXT 2010"]
[Source "ChessBase"]
[SourceDate "2010.11.25"]
[SourceVersion "1"]
[SourceVersionDate "2010.11.25"]
[SourceQuality "1"]

1. e4 e5 2. f4 Bc5 3. Nf3 d6 4. Bc4 Nf6 5. d3 Bg4 6. c3 Nc6 7. b4 Bb6 8. a4 a6 9. Qb3 0-0 10. Ng5 Qe7 11. b5 Na5 12. Qa2 Nxc4 13. Qxc4 d5 14. Ba3 Qxa3 15. Nxa3 dxc4 16. fxe5 Nd7 17. Nxc4 axb5 18. Nxb6 Nxb6 19. a5 Na4 20. h3 Bd7 21. 0-0 Nxc3 22. Ra3 b4 23. Raa1 h6 24. Nf3 Bb5 25. Nd4 Bxd3 26. Rf3 Bxe4 27. Re3 Bd5 28. e6 fxe6 29. Re5 c5 30. Nxe6 Bxe6 31. Rxe6 Rf6 32. Re7 Rfa6 33. Rxb7 Rxa5 34. Rf1 Ra1 35. Rbf7 Rxf1+ 36. Rxf1 0-1

[Event "Passau op 8th"]
[Site "Passau"]
[Date "2000.04.21"]
[Round "2"]
[White "Klimpel, Siegfried"]
[Black "Stark, Bernhard"]
[Result "1/2-1/2"]
[WhiteElo "1700"]
[BlackElo "1966"]
[PlyCount "71"]
[EventDate "2000.04.21"]
[EventType "swiss"]
[EventRounds "7"]
[EventCountry "GER"]
[SourceTitle "CBM 076 Extra"]
[Source "ChessBase"]
[SourceDate "2000.07.11"]
[SourceVersion "1"]
[SourceVersionDate "2000.07.11"]
[SourceQuality "1"]

1. e4 d5 2. exd5 Nf6 3. d4 Bg4 4. Nf3 Qxd5 5. Be2 Nc6 6. Be3 e6 7. 0-0 0-0-0 8. c4 Qf5 9. Nc3 Bc5 10. Qa4 Bxf3 11. Bxf3 Nxd4 12. Bxd4 Bxd4 13. Nb5 Qc5 14. b4 Qb6 15. c5 Qa6 16. Nxa7+ Kb8 17. Qxa6 bxa6 18. Nc6+ Kc8 19. Nxd8 Bxa1 20. Nxf7 Rf8 21. Rxa1 Rxf7 22. a4 e5 23. c6 Kb8 24. Rd1 Ka7 25. a5 e4 26. Be2 Ne8 27. Bc4 Rf6 28. Bf1 Nd6 29. g3 Rf3 30. Rd4 Rc3 31. h4 Rxc6 32. Bg2 Rc1+ 33. Kh2 Re1 34. Rd5 Re2 35. Kg1 Re1+ 36. Kh2 1/2-1/2